№ 7; Стандарты и качество
| Parent link: | Стандарты и качество: научно-технический журнал/ Российская Федерация, Федеральное агентство по техническому регулированию и метрологии (Ростехрегулирование) (Госстандарт России). № 7.— , 1980-.— 0038-9692 |
|---|---|
| Summary: | Прил.: "Программа разработки технических регламентов" Прил.: "Деловое совершенство" № 7 Прил.: CD-ROM, № 7 |
| Language: | Russian |
| Published: |
2006
|
| Format: | Book |
| KOHA link: | https://koha.lib.tpu.ru/cgi-bin/koha/opac-detail.pl?biblionumber=459747 |
MARC
| LEADER | 00000nam2a2200000 4500 | ||
|---|---|---|---|
| 001 | 459747 | ||
| 005 | 20231101085152.0 | ||
| 035 | |a (RuTPU)RU\TPU\prd\123544 | ||
| 035 | |a RU\TPU\prd\46405 | ||
| 090 | |a 459747 | ||
| 100 | |a 20111024a19809999km y0rusy50 ca | ||
| 101 | 0 | |a rus | |
| 102 | |a RU | ||
| 200 | 0 | |a № 7 | |
| 210 | |d 2006 | ||
| 300 | |a Прил.: "Программа разработки технических регламентов" | ||
| 300 | |a Прил.: "Деловое совершенство" № 7 | ||
| 300 | |a Прил.: CD-ROM, № 7 | ||
| 461 | 1 | |0 (RuTPU)RU\TPU\prd\992 |x 0038-9692 |t Стандарты и качество |o научно-технический журнал |f Российская Федерация, Федеральное агентство по техническому регулированию и метрологии (Ростехрегулирование) (Госстандарт России) |v № 7 |d 1980- | |
| 801 | 0 | |a RU |b 63413507 |c 20010227 |g PSBO | |
| 801 | 1 | |a RU |b 63413507 |c 20060927 |g PSBO | |
| 801 | 2 | |a RU |b 63413507 |c 20210129 |g PSBO | |
| 942 | |c BK | ||
| 999 | |a НТБ_ТПУ |b НФ |e -8/20110111 |p П-7520 |s 3/20060420 |u 0,00 |v 1 | ||